Statistiques concernant Mots de la langue française terminés par "mande"

Cliquez ici pour prendre le quiz!

Statistiques générales

  • Ce quiz a été pris 285 fois
  • Le résultat moyen est 8 sur 13

Statistiques - réponses

IndiceMot% Correct
fruitamande
99%
requêtedemande
92%
gloutonnegourmande
82%
vachenormande
74%
solelimande
69%
mendie (verbe)quémande
67%
Suisseromande
60%
ordrecommande
58%
blâmeréprimande
55%
prénomArmande
54%
tomatemarmande
35%
danseallemande
32%
lisseuseflamande
28%

Distribution des résultats

Percentile par nombre de réponses

% des personnes avec chaque résultat

Votre développement - résultats

Vous n’avez pas pris ce quiz